Land Registry e-conveyancing (Record no. 107353)

MARC details
000 -LEADER
fixed length control field 01955cam a22002295a 4500
001 - CONTROL NUMBER
control field L139810
008 - FIXED-LENGTH DATA ELEMENTS--GENERAL INFORMATION
fixed length control field 070810e20070810xxk f 000 0 eng d
035 ## - SYSTEM CONTROL NUMBER
System control number (Sirsi) u139810
041 0# - LANGUAGE CODE
Language code of text/sound track or separate title eng
050 04 - LIBRARY OF CONGRESS CALL NUMBER
Classification number 346.410438 $2 18
110 1# - MAIN ENTRY--CORPORATE NAME
Corporate name or jurisdiction name as entry element United Kingdom
Subordinate unit Land Registry
9 (RLIN) 4774
245 00 - TITLE STATEMENT
Title Land Registry e-conveyancing
Remainder of title e-conveyancing secondary legislation
-- part 2
Medium [electronic resource]
260 ## - PUBLICATION, DISTRIBUTION, ETC.
Place of publication, distribution, etc. London
Name of publisher, distributor, etc. Land Registry
Date of publication, distribution, etc. 2007
505 0# - FORMATTED CONTENTS NOTE
Formatted contents note Foreword -- Introduction -- Section 1, How to respond -- Section 2, Executive summary -- Section 3, Proposals for the early stages of e-conveyancing -- Section 4, The use of network access agreements in the early stages of e-conveyancing -- Section 5, An explanation of how electronic legal charges will operate -- Section 6, Draft of the Land Registration (Electronic Conveyancing) Rules 2008 -- Section 7, Notes on the Land Registration (Electronic Conveyancing) Rules 2008 -- Section 8, List of questions -- Annex A, Consultation impact assessment -- Annex B, Relevant legislation -- Annex C, Glossary of terms -- Annex D, Consultees -- Annex E, General principles of consultation -- Annex F, Consultation coordinator
520 ## - SUMMARY, ETC.
Summary, etc. Consultation paper outlining the Land Registry's proposals for The Land Registration (Network Access) Rules 2007 and The Land Registration (Electronic Communications) Order 2007. Includes an overview of proposed e-conveyancing services. Covers electronic legal changes and details of the proposed and existing electronic framework. Responses are due by 16 November 2007.
590 ## - LOCAL NOTE (RLIN)
Local note KA NTK
650 24 - SUBJECT ADDED ENTRY--TOPICAL TERM
Topical term or geographic name entry element ECONVEYANCING
651 #4 - SUBJECT ADDED ENTRY--GEOGRAPHIC NAME
Geographic name United Kingdom
Chronological subdivision
690 ## - LOCAL SUBJECT ADDED ENTRY--TOPICAL TERM (OCLC, RLIN)
Topical term or geographic name as entry element PROPERTY-PROPERTY ACQUISITION AND DISPOSAL-CONVEYANCING-ECONVEYANCING
856 40 - ELECTRONIC LOCATION AND ACCESS
Uniform Resource Identifier <a href="https://econsultations.e-conveyancing.gov.uk/inovem/consult.ti/SecondaryLegislationPart2/consultationHome">https://econsultations.e-conveyancing.gov.uk/inovem/consult.ti/SecondaryLegislationPart2/consultationHome</a>
Public note View the consultation paper free of charge at http://econsultations.e-conveyancing.gov.uk...
942 ## - ADDED ENTRY ELEMENTS (KOHA)
Suppress in OPAC 0
Holdings
Withdrawn status Lost status Source of classification or shelving scheme Damaged status Not for loan Home library Current library Shelving location Date acquired Total Checkouts Full call number Barcode Date last seen Copy number Price effective from Koha item type
    Dewey Decimal Classification     Virtual Virtual Online 10/08/2007   ONLINE PUBLICATION 139810-1001 06/08/2019 1 06/08/2019 Book